Ten best U.S. states for skiing - Statistics

General Stats
  • This quiz has been taken 768 times
  • The average score is 8 of 10
Answer Stats
Answer % Correct
1 Colorado
97%
2 Utah
92%
5 California
89%
7 Montana
89%
3 Vermont
86%
9 Wyoming
85%
8 New York
83%
4 New Hampshire
77%
6 Nevada
72%
10 New Mexico
62%
No matching quizzes found
Score Distribution
Percent of People with Each Score
Percentile by Number Answered
Your Score History
You have not taken this quiz